| 000 | 01074nam2a22002651 4500 | ||
|---|---|---|---|
| 001 | rc\905683 | ||
| 005 | 20250622110056.0 | ||
| 035 | _a(NLR Aleph) 006254227 | ||
| 090 |
_a6782797 _c6782797 |
||
| 100 | _a20041129d1984 |||y0rusy50 ca | ||
| 101 | 0 | _arus | |
| 102 | _aRU | ||
| 105 | _ay ||||||||| | ||
| 200 | 0 |
_aЧ. 3 _f[Подгот. Альбетковой Р.И., Мизиной Ю.И., Малковой М.Н.] |
|
| 210 |
_d1984 _aБ. м. |
||
| 215 | _a119 с. | ||
| 300 | _aВ надзаг.: НИИ шк. | ||
| 300 | _aИзд. выходит с 1983 г. | ||
| 461 | 0 |
_1001rc\905680 _12001#$aУчебно-экспериментальные материалы по литературе для VIII класса$fНИИ шк.$vЧ. 3 _96782770 _cМ. _d1983- _fНИИ шк. _nНИИШ _tУчебно-экспериментальные материалы по литературе для VIII класса _vЧ. 3 |
|
| 702 | 1 |
_aАльбеткова _bР.И. _4570 |
|
| 801 | 0 |
_aRU _bNLR _gpsbo |
|
| 801 | 1 |
_aRU _bELAR _2rusmarc |
|
| 852 |
_aNLR _j84-3/2109 |
||
| 942 | _cBOOK | ||
| 980 | _aNB | ||